Personnalités francophones nées en janvier par images - Statistiques

Statistiques générales
  • Ce quiz a été pris 80 fois
  • Le résultat moyen est 12 sur 16
Statistiques - réponses
Par images Hint Réponse % Correct
Rappeur Soprano
96%
Rappeur Jul
95%
Dirigeant Politique Nicolas Sarkozy
95%
Acteur Omar Sy
95%
Youtubeur Squeezie
93%
Youtubeur Tibo InShape
91%
Chanteuse Dalida
83%
Chanteur Michel Sardou
77%
Mannequine Iris Mittenaere
75%
Animateur Thierry Ardisson
75%
Actrice Isabelle Nanty
72%
Chanteuse Lara Fabian
72%
Basketteur Victor Wembanyama
63%
Politicienne Mathilde Panot
57%
Écrivain Molière
48%
Philosophe et Historien Pierre de Coubertin
12%
Aucun quiz correspondant
Distribution des résultats
% des personnes avec chaque résultat
Percentile par nombre de réponses
Votre historique - résultats
Vous n’avez pas pris ce quiz